Guess The Movie From One Shot #5 - Statistics

General Stats
  • This quiz has been taken 413 times
  • The average score is 9 of 15
Answer Stats
Picture Answer % Correct
Cars
97%
Elvis
85%
Napoleon
80%
The Hangover
78%
Top Gun: Maverick
76%
Life of Pi
72%
Get Out
71%
Lightyear
68%
The Martian
66%
Inglourious Basterds
63%
Gravity
41%
Fury
36%
The Equalizer
34%
Darkest Hour
27%
The Power of the Dog
13%
No matching quizzes found
Score Distribution
Percent of People with Each Score
Percentile by Number Answered
Your Score History
You have not taken this quiz